Adivina el pais por su descripción #1 - Estadísticas

Estadísticas generales
  • Esta prueba ha sido intentada 23 veces
  • La puntuación promedio es 14 de 15
Estadísticas de respuestas
Descripción País % Correcto
Fútbol, Portugués, Amazonas. Brasil
100%
Isla de pascua, Los andes,Tricontinental. Chile
100%
Café, Pablo escobar, Lluvias Colombia
100%
Faraones, Piramides, Rio Nilo.
Egipto
100%
Sócrates, Balcanes, Imperio Bizantino. Grecia
100%
Cricket, Tigres,Mahatma Gandhi India
100%
Judaísmo, Palestina,Jesucristo. Israel
100%
Coliseo, Vaticano, Pastas. Italia
100%
Pirineos, Microestado, Esquí. Andorra
91%
Gengis Khan, Nómadas,Clima extremo. Mongolia
91%
Monte Everest, Katmandú,Buda. Nepal
91%
Caribe, Beisbol, Merengue. Republica Dominicana
91%
Cáucaso, Vino, Cristianismo. Georgia
78%
Petróleo, Nollywood, África Nigeria
74%
Terere, Guaraní, Falsificaciones. Paraguay
74%
No se encontraron pruebas coincidentes
Distribución de puntuación
Porcentaje de gente con cada puntuación
Porcentaje por número respondido
Historial de tus puntuaciones
No has intentado esta prueba.